| 000 | 01532nam0a22003371 4500 | ||
|---|---|---|---|
| 001 | rc\2364305 | ||
| 005 | 20250623052920.0 | ||
| 035 | _a(NLR Aleph) 006596784 | ||
| 090 |
_a7204966 _c7204966 |
||
| 100 | _a20110829d1976 |||y0rusy50 ca | ||
| 101 | 0 | _arus | |
| 102 | _aRU | ||
| 105 | _aa z ||||| | ||
| 200 | 1 |
_aАвтоматизация шахтного транспорта _eОбзор _fМ-во угольной пром-сти СССР. ЦНИИ экономики и науч.-техн. информации угольной пром-сти. ЦНИИЭИуголь |
|
| 210 |
_aМосква _cБ. и. _d1976 |
||
| 215 |
_a56 с. _cил. _d21 |
||
| 225 | 1 | _aСерия "Механизация и автоматизация производственных процессов, угольное машиностроение" | |
| 300 | _aПеред загл. авт.: Е.К. Травкин, М.А. Левин, А.А. Гливанский, С.А. Пиковский | ||
| 320 | _aБиблиогр.: с. 55-56 | ||
| 701 | 1 |
_aГливанский _bА.А. |
|
| 701 | 1 |
_aПиковский _bС.А. |
|
| 701 | 1 |
_4070 _7ca _8rus _aЛевин _bМ. А. _cканд. техн. наук, горный инженер _gМихаил Абрамович _9254264 _3RU\NLR\AUTH\770254320 |
|
| 701 | 1 |
_aТравкин _bЕ.К. |
|
| 801 | 0 |
_aRU _bNLR _gpsbo |
|
| 801 | 1 |
_aRU _bELAR _2rusmarc |
|
| 852 |
_aNLR _j76-4/28231 |
||
| 899 |
_aRuMoRGB _jБ 76-54/2844 |
||
| 899 |
_aRuMoRGB _jБ 76-54/2845 |
||
| 942 | _cBOOK | ||
| 980 | _aNB | ||